Dominion-Provincial conference (1945): dominion and provincial submissions and plenary conference discussions (Record no. 488935)

000 -LEADER
fixed length control field 00410cam a22001097a 4500
008 - FIXED-LENGTH DATA ELEMENTS--GENERAL INFORMATION
fixed length control field 180718b1946 xxu||||| |||| 00| 0 eng d
082 ## - DEWEY DECIMAL CLASSIFICATION NUMBER
Classification number B811x71 C16c/1945
100 ## - MAIN ENTRY--PERSONAL NAME
Personal name Canada. Dominion-Provincial Conference
245 ## - TITLE STATEMENT
Title Dominion-Provincial conference (1945): dominion and provincial submissions and plenary conference discussions
260 ## - PUBLICATION, DISTRIBUTION, ETC.
Place of publication, distribution, etc. Ottawa
Name of publisher, distributor, etc. The Kings Most Excellent Majesty
Date of publication, distribution, etc. 1946
300 ## - PHYSICAL DESCRIPTION
Extent 624+p.
Holdings
Withdrawn status Lost status Damaged status Not for loan Permanent Location Current Location Date acquired Full call number Barcode Date last seen Price effective from Koha item type
        Indian Institute of Public Administration Indian Institute of Public Administration 2018-08-04 B811x71 C16c/1945 GR4681 2018-08-04 2018-08-04 GR

Powered by Koha